UM Logo

iOS game development: (Record no. 1379)

MARC details
000 -LEADER
fixed length control field 00685nam a22001937a 4500
008 - FIXED-LENGTH DATA ELEMENTS--GENERAL INFORMATION
fixed length control field 160322b xxu||||| |||| 00| 0 eng d
020 ## - INTERNATIONAL STANDARD BOOK NUMBER
International Standard Book Number 9781466569935
082 ## - DEWEY DECIMAL CLASSIFICATION NUMBER
Edition number 2014
Classification number DC 794.815265
Item number L96
100 ## - MAIN ENTRY--PERSONAL NAME
9 (RLIN) 4132
Personal name Lucka, Thomas
245 ## - TITLE STATEMENT
Title iOS game development:
Remainder of title developing games for iPAD, iPHONE, and iPOD TOUCH/
Statement of responsibility, etc. Thomas Lucka
260 ## - PUBLICATION, DISTRIBUTION, ETC. (IMPRINT)
Place of publication, distribution, etc. New York:
Name of publisher, distributor, etc. CRC Press,
Date of publication, distribution, etc. c2014.
300 ## - PHYSICAL DESCRIPTION
Extent xv, 378 pages:
Other physical details colored illustrations;
Dimensions 23.5 cm.
500 ## - GENERAL NOTE
General note Includes bibliography and index.
650 #0 - SUBJECT ADDED ENTRY--TOPICAL TERM
9 (RLIN) 4137
Topical term or geographic name as entry element Computer games
General subdivision Programming
650 #0 - SUBJECT ADDED ENTRY--TOPICAL TERM
9 (RLIN) 4140
Topical term or geographic name as entry element iPHONE (Smartphone)
General subdivision Programming
650 #0 - SUBJECT ADDED ENTRY--TOPICAL TERM
9 (RLIN) 4142
Topical term or geographic name as entry element iOS (Electronic resource)
365 ## - TRADE PRICE
Price amount 3,695.00
Currency code Php.
942 ## - ADDED ENTRY ELEMENTS (KOHA)
Source of classification or shelving scheme Dewey Decimal Classification
Koha item type Circulation
Holdings
Withdrawn status Lost status Source of classification or shelving scheme Damaged status Not for loan Collection code Home library Current library Date acquired Source of acquisition Total Checkouts Full call number Barcode Date last seen Copy number Price effective from Koha item type
    Dewey Decimal Classification     Circulation UM Digos College - LIC UM Digos College - LIC 09/25/2014 Purchased   DC 794.815265 L96 2014 22377 05/15/2025 1 03/22/2016 Circulation